| 000 | 00464nam a2200181Ia 4500 | ||
|---|---|---|---|
| 003 | ARRUPE | ||
| 005 | 20151009114738.0 | ||
| 008 | 130303s9999 xx 000 0 und d | ||
| 040 | _cARRUPELIB | ||
| 050 | _aPR6027.I4Z53 1966 | ||
| 100 |
_aNicolson, Harold _920206 |
||
| 245 | _aDiaries and letters 1945-1962 | ||
| 260 | _aLondon | ||
| 260 | _bSt. James's Place | ||
| 300 | _a448p | ||
| 650 |
_bKierkegaard, S?ren, 1813-1855 _920207 |
||
| 942 |
_2lcc _cMONOGRAPH |
||
| 999 |
_c35540 _d35540 |
||